| 000 | 00975nam a2200349 a 4500 | ||
|---|---|---|---|
| 003 | AR-BaBNM | ||
| 005 | 20251128205603.0 | ||
| 008 | 082120s2002 ||||||||||||||000 | spa|| | ||
| 020 | _a84-7509-676-X | ||
| 040 | _cAR-BaBNM | ||
| 100 | 1 | _aSchifano, Laurence | |
| 245 | 0 | 0 |
_aLuchino Visconti _bel fuego de la pasión |
| 250 | _a1ª ed. | ||
| 260 |
_aBarcelona _bEdiciones Paidós Ibérica _c1991 |
||
| 300 |
_a388 p. _bláms. |
||
| 500 | _aContiene referencias bibliográficas en p. 371 | ||
| 500 | _aIndice analítico en p. 375 | ||
| 650 | 4 | _aBIOGRAFIAS | |
| 650 | 4 | _aCINE | |
| 650 | 4 | _aARTE CONTEMPORANEO | |
| 650 | 4 | _aARTES VISUALES | |
| 650 | 4 | _aARTES ESCENICAS | |
| 650 | 4 | _aARTE EUROPEO | |
| 650 | 4 | _aREALIZADORES CINEMATOGRAFICOS | |
| 650 | 4 | _aDIRECTORES DE CINE | |
| 650 | 4 | _aHISTORIA DEL ARTE | |
| 655 | _aBIOGRAFIAS | ||
| 700 | 1 |
_aAckerman, Viviana _etraductor |
|
| 700 | 1 |
_aWolfson, Leandro _etraductor |
|
| 942 | _cBK | ||
| 998 | _cMARTIN | ||
| 999 |
_c12008 _d12008 |
||